[Event "Tan Chin Nam Cup 4th"]
[Site "Beijing"]
[Date "1998.06.16"]
[Round "9"]
[White "Onischuk, Alexander"]
[Black "Tong, Yuanming"]
[Result "1-0"]
[WhiteElo "2610"]
[BlackElo "2505"]
[Annotator "Mikhalevski,V"]
[PlyCount "59"]
[EventDate "1998.06.08"]
[EventType "tourn"]
[EventRounds "11"]
[EventCountry "CHN"]
[EventCategory "12"]
[SourceTitle "CBM 066"]
[Source "ChessBase"]
[SourceDate "1998.09.30"]
[SourceVersion "1"]
[SourceVersionDate "1998.09.30"]
[SourceQuality "1"]

1. e4 {Hecht} e5 2. Nf3 Nc6 3. Bb5 a6 4. Ba4 Nf6 5. O-O Nxe4 6. d4 b5 7. Bb3 d5
8. dxe5 Be6 9. Nbd2 Nc5 10. c3 Be7 11. Bc2 d4 12. cxd4 (12. Nb3 d3 13. Bb1 Nxb3
14. axb3 Bf5 15. Be3 O-O 16. Bd4 Qd5 17. Re1 Rfd8 18. Re3 Nxd4 19. Nxd4 Bg6 20.
b4 c5 21. bxc5 b4 22. c6 bxc3 23. bxc3 Qc5 24. Bxd3 Bg5 25. Bxg6 hxg6 26. Rd3
Qxe5 27. Nf3 Qb5 28. Rxd8+ Rxd8 29. c7 Rc8 30. Rb1 {1-0 Giaccio,A-Fernandez,J/
Open, Mar del Plata ARG 1998}) (12. Ne4 $5 {The favourite move of Capablanca.I
have found three games of him in this line and he won all of them.} dxc3 13.
Nxc5 Bxc5 14. Be4 Qd7 15. bxc3 (15. Qc2 Bd5 16. bxc3 Rd8 17. Bg5 Bxe4 18. Qxe4
Ne7 19. Bxe7 Bxe7 20. Qb7 Qc8 21. Qc6+ Qd7 22. Qxa6 O-O 23. Nd4 Rb8 24. Qc6
Rfd8 25. Rfb1 Qd5 26. Qxd5 Rxd5 27. Nc6 Re8 28. c4 Rc5 29. cxb5 g5 30. a4 Rc2
31. Nxe7+ Rxe7 32. a5 Rxe5 33. b6 cxb6 34. axb6 Rc8 35. b7 Rb8 36. Ra8 Ree8 37.
Rxb8 Rxb8 38. g4 Kg7 39. Kg2 h5 {Capablanca,J-Chajes,O/New York Rice prel 1916/
1-0 (60)}) 15... Rd8 16. Qxd7+ Bxd7 17. Rd1 Ne7 (17... Nb8 18. Nd4 Be7 19. Be3
O-O 20. Rd2 c5 21. Nb3 Rc8 22. Rad1 Bg4 23. f3 Be6 24. f4 g6 25. h3 c4 26. Nd4
Bc5 27. Kf2 Bd7 28. Nc2 Bxe3+ 29. Kxe3 Bc6 30. Rd6 Rc7 31. Nb4 Bxe4 32. Kxe4 a5
33. Nd5 Ra7 34. a3 Na6 35. Rc6 Rb8 36. Nf6+ Kg7 37. Rdd6 b4 38. axb4 axb4 39.
Rxa6 Rc7 40. Rab6 {1-0 Capablanca,J-Hodges,A/New York Rice prel 1916}) 18. Nd4
h6 19. Nb3 Bb6 20. Ba3 h5 21. Rd3 Bg4 22. Rxd8+ Kxd8 23. Nc5 Rh6 24. h3 Bc8 25.
Rd1+ Ke8 26. Kf1 g5 27. Nd3 f5 28. exf6 Rxf6 29. Re1 Be6 30. Bf3 Rh6 31. Bxh5+
Kd7 32. Bg4 Nc6 33. Rxe6 Rxe6 34. Bc1 Kd6 35. Bxe6 Kxe6 36. Bxg5 Ba5 {
Capablanca,J-Chajes,O/New York 1915/1-0 (48)}) 12... Nxd4 13. Nxd4 Qxd4 14. Nf3
({White tried} 14. Qe2 {as well} O-O $142 (14... Bg4 $6 15. Nf3 Qd5 (15... Bxf3
16. Qxf3 O-O 17. Qg3 Rfe8 18. Rd1 Qc4 19. Bh6 Bf8 20. Rac1 Qe6 21. Bf4 Rac8 22.
b4 Nd7 23. Bb3 Qf5 24. e6 fxe6 25. Rxd7 Bxb4 26. Qxg7# {1-0 Mezera,L-Dostal,L/
Plzen KB opJ-B 1997}) 16. Rd1 Bxf3 17. gxf3 Qe6 18. f4 Rd8 19. Rxd8+ Bxd8 20.
Be3 Be7 21. Rc1 O-O 22. Bb1 Qd5 $2 23. Qc2 $18 {[%cal Rc2c5,Rc2h7] 1-0 Perez,
J-Chapman,A/Dubai olm 1986 (28)}) 15. Kh1 f5 (15... Bg4 $5) 16. f4 Rad8 17. h3
Nb7 $6 18. Bb3 Bxb3 19. Nxb3 Qd3 20. Qf2 Bc5 21. Nxc5 Nxc5 22. Be3 Ne4 23. Qf3
Qc2 24. Rac1 Qxb2 25. Rxc7 Rd3 26. g4 Qa3 27. Re1 Qb4 28. Rec1 Qa3 29. Re1 Qxa2
30. gxf5 Qd5 31. Rg1 Rxf5 32. Rgxg7+ Kf8 33. Rgd7 Rd1+ 34. Qxd1 Nf2+ 35. Kh2 {
1-0 Romi,M-Handasyde,H/Paris prel-9 1924}) 14... Qxd1 (14... Qd7 15. Bg5 h6 16.
Qxd7+ Nxd7 17. Bxe7 Kxe7 18. Rfe1 c5 19. Nd2 g5 20. h4 Rhg8 21. hxg5 hxg5 22.
f3 c4 23. Kf2 Rad8 24. Nf1 Nc5 25. Rad1 a5 26. g3 Rd5 27. Ne3 Nd3+ 28. Bxd3
Rxd3 29. Rxd3 cxd3 30. Rd1 Rd8 31. a3 a4 32. Rd2 Bc4 33. Nd1 Ke6 34. f4 gxf4
35. gxf4 Kf5 36. Kf3 Rh8 37. Ne3+ Ke6 38. Ke4 Rh4 39. Rf2 {Quiroga,F-Fernandez,
J/ARG-chB 1976/1/2-1/2 (53)}) (14... Qg4 15. h3 Qh5 16. Ng5 Qxd1 17. Rxd1 b4
18. Be3 Bxg5 19. Bxg5 c6 20. Be3 Nd7 21. f4 Bd5 22. Bb3 Bxb3 23. axb3 Ke7 24.
Ra5 Rhc8 25. Rda1 f6 26. exf6+ gxf6 27. Rxa6 Rxa6 28. Rxa6 Kd6 29. Kf2 Rd8 30.
Kf3 Nc5 31. Rb6 Nd3 32. g4 Kc7 33. h4 Re8 34. Ra6 Kd6 35. Ra1 Kc7 36. Rd1 {
1-0 Zieher,H-Bauer,P/BL8182 1982}) 15. Rxd1 Bg4 (15... O-O 16. Nd4 Rfd8 17. Be3
Bd5 18. Rac1 Ne6 19. Nxe6 fxe6 20. Bb3 Bxb3 21. axb3 Rxd1+ 22. Rxd1 Rd8 23.
Rxd8+ Bxd8 24. f4 Kf7 25. g4 g6 26. Kg2 Be7 27. Kf3 a5 28. Ke4 a4 29. bxa4 bxa4
{1/2-1/2 Marinkovic,S-Bodic,D/Cacak-B 1991}) 16. h3 (16. b4 Nd7 17. Bb2 Rd8 18.
a3 O-O 19. Rd2 $2 Bxf3 20. gxf3 Nxe5 $1 21. Re2 Nxf3+ 22. Kg2 Nh4+ 23. Kh3 (23.
Kg3 Ng6 $1 24. Bxg6 Bd6+) 23... Rfe8 24. Rxe7 (24. Rae1 Nf3 $19) 24... Rxe7 25.
Kxh4 Re2 $19 {0-1 Wets,G-Dridi,A/WchJ 1986 (30)}) (16. Be3 O-O 17. Rd4 Bxf3 18.
gxf3 Rad8 19. Rad1 Ne6 20. Rd7 Rfe8 21. Kg2 Rxd7 22. Rxd7 a5 23. f4 Bd8 24. a4
bxa4 25. Bxa4 Re7 26. Rd5 c6 27. Bxc6 Rc7 28. Bd7 Nf8 29. Bf5 Be7 30. Rxa5 Rb7
31. Ra7 {1-0 Bisco,I-Kramarik,P/SVK-chT2 1995}) 16... Bxf3 $2 $146 {Only this
move is a novelty,but probably a bad one.} (16... Bh5 $5 {[%cal Gh5g6] The
idea of the move to play Bg6 to exchange white-square bishops in order to
weaken white squares in the white's camp.} 17. b4 Ne6 18. Be4 Rd8 19. Rxd8+
Nxd8 20. Bd2 Bg6 21. Bd5 c6 22. Bb3 Ne6 23. a4 Bd3 24. Ne1 Nd4 25. Ba2 Bc4 26.
Bxc4 bxc4 27. Ra2 Kd7 28. Bc3 Nb3 29. Re2 Ke6 {and Black is OK. Rogovoi,
M-Sepman,Y/RUS-Cup1 Chigorin mem 1996/1/2-1/2 (60)}) 17. gxf3 {Now White is
clearly better as Black can't prevent f2-f4-f5.The only way to do so has
happened in the game .White just change "f" pawn and pair of bishops plus
extra pawn in the centre guarantee an easy advantage.} g5 18. f4 gxf4 19. Bxf4
$16 {[%csl Gc2,Ye5,Yf2,Gf4]} Rd8 20. Rxd8+ Kxd8 21. Rd1+ Kc8 22. Be3 {[%cal
Gf2f4,Gf4f5]} Ne6 23. f4 Bc5 {The exchange of bishops doesn't help as an extra
pawn in the centre plus a strong bishop will decide anyway.} 24. Kf2 $6 (24.
Bxc5 $142 $1 Nxc5 25. Kf2 {[%cal Gd1g1] and White is going to win without any
counter-chances.}) 24... Bxe3+ 25. Kxe3 Rg8 $1 26. Kf3 $1 {[%cal Gc2h7]} (26.
f5 $5 Nc5 27. b4 (27. f6 Rg5 $1 28. Kf4 $140 Ne6+) (27. Rd5 Nd7 28. f6 $140 {
[%cal Gc2f5]} c6) 27... Nd7 $8 (27... Rg2 $2 28. bxc5 Rxc2 29. e6 fxe6 (29...
Rxc5 30. Kd4 $1 $18 Rxf5 $140 31. e7 Kd7 32. Ke4+) 30. fxe6 (30. f6 $2 Rxc5 31.
Rf1 $1 Re5+ 32. Kd4 Rd5+ 33. Ke3 (33. Ke4 Rf5 $1) 33... Re5+ $11 (33... Rd8 {
is too passive.})) 30... Rxc5 31. Kf4 $18 {[%cal Ge6e7]}) 28. e6 fxe6 29. Bb3
$1 (29. fxe6 $5 Re8 30. Bf5) 29... Nf8 30. fxe6 $16) (26. Bxh7 $2 Rg3+ 27. Ke4
Rxh3 28. Bg8 (28. Bf5 Rh2) 28... Rh4 $1 29. Rf1 Kd7 $1) 26... h5 {[%cal Gh5h4]}
27. Bf5 $1 $18 {White is preparing B:e6 and then break through f4-f5,but first
of all h3-h4 is very useful in order to prevent Rg5 after f4-f5.Black is
hopeless against this plan.If he anyway is trying to prevent it h5-h4 is
forced.Then White plays Bg4 and strong pawns in the centre decide.} Rd8 {
loses by force,but anyway Black is lost.} (27... h4 28. Bg4 {[%cal Gf4f5]}) 28.
Rxd8+ Kxd8 29. Bxe6 fxe6 {[#] Hecht Wegen des großen weißen Raumvorteils
wirken sich die zurückhängenden Mehrheiten für Schwarz tödlich aus. Weiß kommt
leichter zu f5 als Schwarz zu c5, und der weiße e-Bauer steht weiter vorn als
der schwarze b-Bauer. Das reicht zum Gewinn für Weiß.} 30. b4 $1 $18 {[%csl
Ra6,Rb5,Rc7][%cal Gf4f5,Gf3e4] Very important blocking move.Now next moves are
Ke4 and f5 and "e" pawn will finally decide the game.} ({It wasn't late to
make a mistake.} 30. Kg3 $2 c5 31. Kh4 c4) (30. b4 {Hecht} Kd7 31. Ke4 c5 32.
bxc5 Kc6 33. f5 exf5+ 34. Kxf5 b4 35. e6 a5 36. e7 Kd7 37. Kf6 Ke8 38. c6 a4
39. c7 $18) 1-0

[Event "Moscow Aeroflot op-A"]
[Site "Moscow"]
[Date "2005.02.18"]
[Round "4"]
[White "Ganguly, Surya Shekhar"]
[Black "Najer, Evgeniy"]
[Result "1/2-1/2"]
[WhiteElo "2585"]
[BlackElo "2624"]
[Annotator "Mueller,Karsten"]
[PlyCount "113"]
[EventDate "2005.02.15"]
[EventType "swiss"]
[EventRounds "9"]
[EventCountry "RUS"]
[SourceTitle "CBM 106"]
[Source "ChessBase"]
[SourceDate "2005.06.06"]
[SourceVersion "1"]
[SourceVersionDate "2005.06.06"]
[SourceQuality "1"]

1. e4 e5 2. Nf3 Nc6 3. Bb5 a6 4. Ba4 Nf6 5. O-O Nxe4 6. d4 b5 7. Bb3 d5 8. dxe5
Be6 9. Nbd2 Nc5 10. c3 Be7 11. Bc2 d4 12. Nb3 d3 13. Bb1 Nxb3 14. axb3 Bf5 15.
Be3 O-O 16. Nd4 Nxd4 17. cxd4 c5 18. Bxd3 cxd4 19. Bxd4 Qxd4 20. Bxf5 Qxb2 21.
Qd5 Rfd8 22. Bd7 Ra7 23. e6 Kh8 24. Qf3 Qf6 25. Qe3 Raa8 26. Bc6 Rab8 27. exf7
Qxf7 28. Rxa6 Bf6 29. Qf3 Rd6 30. Qh3 Qe6 31. Qxe6 Rxe6 32. Rd1 b4 33. g3 g6
34. Rd7 Rd8 35. Ra8 Rxa8 36. Bxa8 Bc3 37. Kg2 Re2 38. Bc6 Rb2 39. Bd5 Rd2 40.
h4 Bd4 41. Rf7 Bxf2 42. Rxf2 Rxd5 43. Rf4 Rd2+ $5 {Najer defends actively, as
is usual in rook endgames. Najer verteidigt sich aktiv, wie es im Turmendspiel
üblich ist.} (43... Rb5 {should also draw here in any case. sollte hier
allerdings ebenfalls remis halten.}) 44. Kh3 h5 45. Rxb4 Kg7 46. Rf4 Rb2 47. b4
(47. Rf3 g5 48. hxg5 Kg6 49. Rc3 Kxg5 50. Rc5+ Kf6 51. Rb5 Kg6 $11) 47... Kh6
48. Rc4 Kg7 49. g4 Rb3+ 50. Kg2 hxg4 51. Rxg4 Kh6 $1 52. Kf2 Kh5 53. Rd4 g5 54.
hxg5 Kxg5 55. Ke2 Kf5 56. Kd2 Ke5 57. Kc2 (57. Kc2 Rh3 (57... Kxd4 $2 58. Kxb3
Kd5 59. Ka4 Kc6 60. Ka5 Kb7 61. Kb5 Kc7 62. Ka6 Kb8 63. b5 Ka8 64. b6 Kb8 65.
b7 Kc7 66. Ka7 $18) 58. Rd8 (58. Rd3 Rxd3 59. Kxd3 Kd5 $11) 58... Rg3 59. b5
Ke6 60. b6 Rg7 $1 61. Rb8 Kd6 62. b7 Kc7 $11) 1/2-1/2

[Event "Gashimov Memorial 3rd"]
[Site "Shamkir"]
[Date "2016.05.30"]
[Round "5"]
[White "Karjakin, Sergey"]
[Black "Hou, Yifan"]
[Result "1-0"]
[WhiteElo "2779"]
[BlackElo "2663"]
[Annotator "Pavlovic,M"]
[PlyCount "105"]
[EventDate "2016.05.26"]
[EventType "tourn"]
[EventRounds "9"]
[EventCountry "AZE"]
[EventCategory "20"]
[SourceTitle "CBM 173"]
[Source "ChessBase"]
[SourceDate "2016.07.12"]
[SourceVersion "1"]
[SourceVersionDate "2016.07.12"]
[SourceQuality "1"]

1. e4 e5 2. Nf3 Nc6 3. Bb5 a6 4. Ba4 Nf6 5. O-O Nxe4 6. d4 b5 7. Bb3 d5 8. dxe5
Be6 {The Open Spanish became very popular when Korchnoi (who sadly passed away
recently) used it in his famous match in Baguio 1978 against Karpov. For a
while it was slightly abandoned at least in high level events, but now the
actual line has started to become very popular.} 9. Nbd2 Be7 (9... Nc5 10. c3
d4 {this is another topical line that has been extensively analysed for many
decades and was introduced on the highest level in the above mentioned match.})
10. c3 O-O 11. Bc2 f5 {This was considered the main line and again recently
become one of the main topics.} 12. Nb3 Qd7 13. Nbd4 Nxd4 14. Nxd4 c5 15. Nxe6
Qxe6 16. f3 Ng5 17. a4 Rad8 18. axb5 axb5 19. Bxg5 Bxg5 20. f4 Be7 21. Kh1 Qb6
22. Qd3 $146 {Opposite coloured bishops are known to make easier winning the
type of positions when the stronger side has the initiative. This line is a
kind of proof for that. Although close to a draw we will see that Black's play
is not easy. The last move is actually a new idea for White.} (22. g4 d4 23.
Bxf5 dxc3 24. Qb3+ c4 25. Qxc3 Rd4 {I must say that this position is rather
complex and little explored.} 26. Qe3 Qb7+ 27. Qf3 Qxf3+ 28. Rxf3 Bb4 29. Be6+
Kh8 30. Kg2 g6 31. Kg3 Rd2 32. Rf2 Rxf2 33. Kxf2 Bd2 34. f5 c3 35. bxc3 Bxc3
36. Rb1 Bxe5 $11 {1/2-1/2 (37) Garcia Rodriguez,I-Ferre Perez,A corr. 2013})
22... c4 (22... d4 23. c4 $1 {That would be the idea:} bxc4 24. Qxc4+ Kh8 25.
b3 $14) 23. Qh3 g6 (23... Qe6 24. Rfd1 g6 25. Qe3 Rd7 26. Qd4 Rc8 27. b4 $1 Bd8
28. g4 fxg4 29. f5 gxf5 30. Rf1 Bb6 31. Qf4 $40) 24. g4 d4 ({The alternative
is also possible:} 24... fxg4 25. Qxg4 d4 26. Be4 (26. f5 d3 27. Bd1 Qe3 28. f6
Qxe5 29. fxe7 Rxf1+ 30. Kg2 Qxe7 31. Kxf1 Rf8+ 32. Kg2 Qe1 $44) 26... Kh8 27.
f5 (27. Rg1 dxc3 28. bxc3 Bc5 29. Rg3 Rf7 {doesn't look so clear to me.}) 27...
gxf5 28. Rxf5 Rxf5 29. Qxf5 Qh6 30. cxd4 Rxd4 {Although it looks dangerous for
Black it is possible to hold, but objectively for humans this is a tough
position to handle in tournament chess.}) 25. gxf5 Qc6+ {This move transposes
the game into an endgame, but although, as we will see, a draw is very much
within Black's reach, getting it requires a lot of precise moves.} ({Another
logical idea is} 25... d3 26. Bd1 (26. fxg6 Qc6+ 27. Rf3 hxg6 28. Bd1 Rxf4 $17)
26... Rxf5 27. Bg4 Rff8 28. f5 gxf5 29. Bxf5 Qb7+ 30. Rf3 Rxf5 $1 31. Qg2+ Rg5
32. Rf8+ Rxf8 33. Qxb7 Rxe5 {Black has good compensation, the pawn on d3 is a
serious asset.}) 26. Qg2 Qxg2+ 27. Kxg2 d3 28. Bd1 Rxf5 29. Bg4 Rff8 30. Ra5 h5
{Creating a possible target on g6.} (30... Kh8 31. Rxb5 h5 32. Bd1 Rb8 33. Ba4
Ra8 $1 34. b3 d2 35. Rd5 Rfb8 36. Rxd2 cxb3 37. Rd4 b2 38. Rb1 Ra5 39. Kf3 g5 {
again we have a holdable endgame for Black.}) 31. Bd1 (31. Be6+ Kh8 32. f5 d2
33. Rd1 Bg5 (33... gxf5 34. Rxb5 $16) 34. Rxb5 Rb8 35. Rxb8 Rxb8 36. h4 Bh6 37.
fxg6 Kg7 38. Bxc4 Rxb2 39. Bd3 Ra2 40. e6 Ra5 41. Bc2 Re5 {it seems that Black
is close to draw.}) 31... b4 {I think that the alternative was a better choice:
} (31... Rb8 {just standing still...} 32. Ra6 Kg7 33. Ra7 Rbe8 34. Rb7 Kh6 35.
Rxb5 Rb8 36. Ba4 Ra8 37. b3 d2 {again the same motif} 38. Rd5 Rfb8 39. Rxd2
cxb3 40. Bd7 Ra2 41. Rxa2 bxa2 42. Ra1 Rb2+ 43. Kf3 Rxh2 44. Be6 Rc2 45. Rxa2
Rxc3+ {should lead to a draw again.}) 32. Ra6 $1 bxc3 33. bxc3 Kh7 $6 (33...
Kg7 34. Ra7 Kf7 35. Bf3 $36) 34. Ra7 $16 Rf7 35. Rc7 Rd5 36. Rxc4 {Black
didn't manage to defend in a good way and now White is much better.} Bf8 37.
Rc8 Rc5 38. Rd8 Bh6 39. Rxd3 Rxf4 40. Rd7+ Kh8 41. Rxf4 Bxf4 42. e6 $18 Bg5 43.
e7 Bxe7 44. Rxe7 Rxc3 45. Bf3 Rc8 46. Kg3 Rg8 47. Kh4 Rg7 48. Re8+ Kh7 49. Kg5
Ra7 50. Bd5 Kg7 51. Re6 Kh7 52. Be4 Ra5+ 53. Kf6 1-0

[Event "Munich SKA"]
[Site "Munich"]
[Date "1991.05.14"]
[Round "9"]
[White "Polgar, Judit"]
[Black "Huebner, Robert"]
[Result "1-0"]
[WhiteElo "2540"]
[BlackElo "2620"]
[Annotator "Polgar,J"]
[PlyCount "75"]
[EventDate "1991.05.04"]
[EventType "tourn"]
[EventRounds "13"]
[EventCountry "GER"]
[EventCategory "14"]
[SourceTitle "CBM 023"]
[Source "ChessBase"]
[SourceDate "1991.08.01"]
[SourceVersion "1"]
[SourceVersionDate "1991.08.01"]
[SourceQuality "1"]

1. e4 e5 2. Nf3 Nc6 3. Bb5 a6 4. Ba4 Nf6 5. O-O Nxe4 6. d4 b5 7. Bb3 d5 8. dxe5
Be6 9. c3 Be7 10. Bc2 (10. Nbd2 {Polgar,Judit-Anand Munchen 1991.}) 10... Bg4
11. h3 Bxf3 (11... Bh5 12. g4 Bg6 13. Bb3 Na5 14. Bxd5 c6 15. Bxe4 Bxe4 16.
Qxd8+ Rxd8 17. Nbd2 $14 {Fischer-Olafsson F.,Havana ol 1966.}) 12. gxf3 Nc5 13.
f4 Qd7 14. Qf3 Rd8 (14... g6 15. Rd1 Rd8 16. Be3 Ne6 17. a4 O-O 18. axb5 axb5 {
Bannik-Shianovsky,URS 1962.}) (14... f5 $1) 15. Rd1 (15. Be3 $1 O-O 16. Rd1 $14
) 15... f5 $1 16. Be3 (16. exf6 Bxf6) 16... Qe6 (16... O-O $4 17. Bxc5 Bxc5 18.
Rxd5 $1 $18) 17. Nd2 O-O (17... Ne4 $5 18. Nb3 $6 (18. Kh2 g5 $6 19. Nxe4 fxe4
20. Qh5+ Qg6 21. Qxg6+ hxg6 22. Rxd5 $1 Rxd5 23. Bxe4 gxf4 24. Bxd5 fxe3 25.
Bxc6+ Kf7 26. fxe3 $16) 18... g5 $13) 18. Nb3 Na4 $2 (18... Ne4 $1 19. Qg2 g5 (
19... Rf7 $1 20. f3 (20. Re1 g5 21. f3 Rg7 $13) 20... Nf6) 20. f3 Kh8 21. fxe4
gxf4 (21... fxe4 22. fxg5 (22. f5 $1 Rxf5 23. Rf1 $16) 22... Rf3 23. Nd4 Nxd4
24. Bxd4 Rxh3 $13) 22. exd5 Qxe5 (22... Qh6 23. dxc6 Rg8 24. Rxd8 Bxd8 25. Bd4
Rxg2+ 26. Kxg2 f3+ 27. Kh2 $18) 23. Bd4 Nxd4 24. cxd4 Qe3+ 25. Kf1 Rg8 26. Re1
$18) 19. Rab1 $16 Rd7 $6 (19... Kh8 $5) 20. Kh1 g6 21. Bd3 $1 Bh4 $6 (21... Nd8
22. Nd4 Qf7 23. Nxb5 $1 $16) (21... Qf7 22. Bf1 (22. Qe2 Nd8 23. Bxb5 $16)
22... Nd8 23. Bg2 c6 24. Nd4 $1 Bc5 (24... Nc5 25. Nxc6 $1 Nxc6 26. Rxd5 $16)
25. e6 Nxe6 26. Nxc6 $16) 22. Bf1 Rdd8 23. Bg2 Ne7 24. Nd4 Qf7 25. Qe2 $1 $18
g5 26. Rg1 c5 27. Nf3 Ng6 28. fxg5 f4 29. Bd2 Qf5 30. b3 Nb6 31. Rbe1 Rfe8 32.
Bf1 d4 33. cxd4 cxd4 34. Ba5 Qe6 35. Rg4 Rd5 36. Qd2 Nd7 37. Nxh4 Ndxe5 38. Bg2
1-0

[Event "Minneapolis HB Global op"]
[Site "Minneapolis"]
[Date "2005.05.21"]
[Round "6"]
[White "Smirin, Ilia"]
[Black "Kaufman, Larry C"]
[Result "1-0"]
[WhiteElo "2649"]
[BlackElo "2367"]
[Annotator "Postny,E"]
[PlyCount "81"]
[EventDate "2005.05.18"]
[EventType "swiss"]
[EventRounds "9"]
[EventCountry "USA"]
[SourceTitle "CBM 107"]
[Source "ChessBase"]
[SourceDate "2005.08.01"]
[SourceVersion "1"]
[SourceVersionDate "2005.08.01"]
[SourceQuality "1"]

1. e4 e5 2. Nf3 Nc6 3. Bb5 a6 4. Ba4 Nf6 5. O-O Nxe4 6. d4 b5 7. Bb3 d5 8. dxe5
Be6 9. Be3 ({The main alternative is} 9. Nbd2) 9... Be7 10. c3 O-O 11. Nbd2 Qd7
12. Re1 f5 $6 {A typical move, but a rare one in this particular position.} ({
The main line goes with} 12... Rad8 13. Bc2 {and here black has the following
choice: a] 13...Nxd2 12.Qxd2 Bf5 - Khalifman,A-Mikhalevski,V/Linares 1997/CBM
058 [Hansen,Cu] b] 13...Bf5 - Bruzon,L-Ponomariov,R/Calvia 2004/CBM 104 
[Postny,E] c] 13...f5 - The most popular continuation. See the encounter
Kasparov,G-Shirov,A/Izmir 2004/CBM 104 [Postny,E]}) 13. exf6 Nxf6 14. a4 $1
$146 {A typical push to emphasize Black's defects in the queenside pawn
structure.} (14. Qe2 Bd6 15. a4 Na5 16. Bc2 Nc4 17. axb5 axb5 18. Rxa8 Rxa8 19.
Nxc4 bxc4 20. Bd4 Bf5 21. Bxf6 gxf6 22. Bxf5 Qxf5 23. g3 $16 {1-0 Korneev,
O-Cruz Lopez,C/Mondariz 1999 (37)}) (14. Bc2 Bf5 15. Bxf5 Qxf5 16. Nf1 Ne4 17.
Ng3 Nxg3 18. hxg3 Rad8 19. a4 b4 20. Qe2 bxc3 21. bxc3 Qc8 22. Rad1 Bf6 23. Bg5
h6 24. Qe6+ Qxe6 25. Rxe6 hxg5 26. Rxc6 $14 {1/2-1/2 Carlsen,M-Krasenkow,M/
Sanxenxo 2004 (37)}) 14... Kh8 $6 (14... Bd6 15. Ng5 $36) (14... Bf5 $5 {
might be an improvement for Black.}) 15. Qe2 {[%csl Rb5,Re6]} b4 (15... Na5 16.
Bd4 (16. Bg5 $6 Nxb3 17. Nxb3 Ne4 18. Bxe7 Qxe7 19. axb5 Bg4 {and Black has
counterchances.}) 16... Nxb3 17. Nxb3 Ne4 18. Ne5 Qd6 19. axb5 Bh4 20. g3 Bf6
21. Qh5 Bxe5 22. Qxe5 Qxe5 23. Bxe5 $16) 16. a5 $1 {[%csl Ra6] Fixing black's
Pa6 as a target. The idea of Bb3-a4 is annoying for black as well.} bxc3 17.
bxc3 Nd8 {This move looks rather passive, but the alternatives are hardly
better.} (17... Bg4 18. Ba4 $16) (17... Bg8 18. Ba4 Qd6 19. Bf4 Qxf4 20. Bxc6
$18 {[%csl Ra8,Re7]}) (17... Bd6 18. Ba4) 18. c4 $1 {White's pieces are far
better placed than the black ones. Therefore, opening up the centre is a
correct decision.} Bd6 $2 {Allowing White to cramp Black's position completely.
} (18... c5 {was the least of the evils for black.}) 19. c5 Be7 20. Bd4 $18 {
White has enormous space advantage and his pieces are far better coordinated.
Black's position is already lost.} Ng8 21. Ne5 Qc8 22. Qh5 {[%cal Ge5g6]} Rf6
23. Re3 Rh6 24. Qe8 Bf6 ({Slightly more stubborn would have been} 24... Nb7 25.
Nf7+ $140 Bxf7 26. Qxf7 Bf6 27. Bxf6 Rxf6 28. Qxd5 Rf5) 25. f4 Bxe5 26. Bxe5
Nf7 27. Qxc8 Rxc8 28. Bd4 c6 29. Bc2 Rb8 30. h3 {White is not in a hurry to
enjoy all his benefits...} Bd7 31. Bd3 {[%csl Ra6]} Rb4 32. Nf3 Nd8 33. Bxa6
Ne6 34. Ne5 {[%cal Ge5f7]} Be8 35. Ng4 Rg6 36. f5 Rxd4 37. fxg6 Nxc5 38. Rxe8
Nxa6 39. Ra8 Nc7 40. Rc8 Nb5 41. a6 1-0